[Event "Vellmar op 8th"]
[Site "Vellmar"]
[Date "2016.07.30"]
[Round "5"]
[White "Retzlaff, Thomas"]
[Black "Hansen, Jeppe"]
[Result "0-1"]
[WhiteElo "1869"]
[BlackElo "1759"]
[PlyCount "90"]
[EventDate "2016.07.28"]
[EventType "swiss"]
[EventRounds "7"]
[EventCountry "GER"]
[SourceTitle "CBM 173 Extra"]
[Source "ChessBase"]
[SourceDate "2016.08.29"]
[SourceVersion "1"]
[SourceVersionDate "2016.08.29"]
[SourceQuality "1"]

1. d4 e6 2. c4 Nf6 3. Nc3 Nc6 4. Nf3 d5 5. e3 Be7 6. Bd3 0-0 7. 0-0 Nb4 8. Be2 dxc4 9. Bxc4 c5 10. a3 Nbd5 11. Re1 a6 12. e4 Nxc3 13. bxc3 b5 14. Bd3 Bb7 15. Rb1 c4 16. Bc2 Qc7 17. h3 Rad8 18. e5 Nd5 19. Bd2 Bxa3 20. Bxh7+ Kxh7 21. Ng5+ Kg8 22. Qh5 Rfe8 23. Qh7+ Kf8 24. Qh8+ Ke7 25. Qxg7 Rf8 26. Nh7 Qc6 27. Bg5+ Kd7 28. Bxd8 Rxd8 29. Qxf7+ Be7 30. Rbd1 Kc8 31. f3 Bh4 32. Re4 Nxc3 33. d5 Qb6+ 34. Kh2 Nxe4 35. fxe4 c3 36. Rc1 b4 37. dxe6 Qc7 38. Qh5 Be7 39. Qf5 b3 40. Qf3 Qxe5+ 41. Kh1 Bb4 42. Qe2 Qxe6 43. Ng5 Qc6 44. e5 b2 45. Qg4+ Kb8 0-1

[Event "Vellmar op 8th"]
[Site "Vellmar"]
[Date "2016.07.29"]
[Round "3"]
[White "Hansen, Jeppe"]
[Black "Reichenbaecher, Thomas"]
[Result "0-1"]
[WhiteElo "1759"]
[BlackElo "1975"]
[PlyCount "104"]
[EventDate "2016.07.28"]
[EventType "swiss"]
[EventRounds "7"]
[EventCountry "GER"]
[SourceTitle "CBM 173 Extra"]
[Source "ChessBase"]
[SourceDate "2016.08.29"]
[SourceVersion "1"]
[SourceVersionDate "2016.08.29"]
[SourceQuality "1"]

1. e4 c5 2. Nf3 a6 3. d4 cxd4 4. Nxd4 Nf6 5. Nc3 e5 6. Nf3 d6 7. a4 Be7 8. Bc4 0-0 9. 0-0 Bg4 10. Be3 Nbd7 11. h3 Bh5 12. Qe2 Bg6 13. Nd2 Rc8 14. a5 Nc5 15. b4 Ncd7 16. Bg5 d5 17. exd5 Bxb4 18. Nce4 Qc7 19. d6 Bxd6 20. Nxd6 Qxd6 21. Bd3 Rfe8 22. f3 Bxd3 23. cxd3 h6 24. Be3 Nd5 25. Ne4 Qe6 26. Bd2 f5 27. Nf2 Rc2 28. Rfc1 Rec8 29. Rxc2 Rxc2 30. Qd1 Qc6 31. Rc1 Rxc1 32. Bxc1 Qc5 33. Qe1 Qd4 34. Kh1 Nc5 35. Ba3 Nd7 36. Qd2 Qa1+ 37. Bc1 Nc5 38. Kh2 Nb3 39. Qb2 Qxb2 40. Bxb2 Nxa5 41. Bxe5 b5 42. g4 Nc6 43. Bb2 fxg4 44. hxg4 a5 45. Ne4 a4 46. Nc5 Nb6 47. d4 Na5 48. Kg3 Nac4 49. Ba1 Nd5 50. f4 Na3 51. Kf3 Nc2 52. Ke4 Nf6+ 0-1

[Event "DEN-ch Kort 2-2"]
[Site "Helsingor"]
[Date "2013.03.30"]
[Round "5"]
[White "Andersen, Aage Kristian"]
[Black "Hansen, Jeppe"]
[Result "1/2-1/2"]
[WhiteElo "1620"]
[BlackElo "1617"]
[PlyCount "66"]
[EventDate "2013.03.28"]
[EventType "swiss"]
[EventRounds "5"]
[EventCountry "DEN"]
[SourceTitle "EXT 2023"]
[Source "ChessBase"]
[SourceDate "2022.10.05"]
[SourceVersion "1"]
[SourceVersionDate "2022.10.05"]
[SourceQuality "1"]

1. d4 d5 2. c4 Nf6 3. Nc3 e6 4. e3 Bb4 5. a3 Bxc3+ 6. bxc3 Nbd7 7. Nf3 c5 8. Qa4 0-0 9. Bd3 Nb6 10. Qb3 dxc4 11. Bxc4 Nxc4 12. Qxc4 Qd5 13. Qxd5 exd5 14. 0-0 c4 15. Nd2 Ne4 16. Nxe4 dxe4 17. f3 f5 18. fxe4 fxe4 19. Rxf8+ Kxf8 20. Bd2 Be6 21. Rb1 Bd5 22. Rb5 Rd8 23. Be1 Rd7 24. Rc5 g5 25. Bg3 Kf7 26. Rc7 Rxc7 27. Bxc7 h5 28. Kf2 Ke6 29. h4 g4 30. Kg3 Kf5 31. Bb8 a6 32. Bc7 b5 33. Ba5 Be6 1/2-1/2